01012nam a2200193Ia 4500001001000000003001000010008004100020040002500061041001300086100003800099245002600137250001100163260006600174300002800240500020100268501011400469520020100583650003400784L235-7646IT-CnALBA170116s9999||||xx |||||||||||||| ||und|| aIT-CnALBAcIT-CnALBA aITALIANO aGRIGNON DE-MONTFORT LUIGI, SANTO. 0aIL SEGRETO DI MARIA.  a3a ed. aCINISELLO BALSAMO (MI)bEDIZIONI PAOLINEc1954 [1° Ed.:1951] a94 p. (prefazione: 511) aNECESSITÀ DELLA SANTIFICAZIONE. PREROGATIVE E UFFICIO DI MARIA. VERA E PERFETTA DEVOZIONE. NATURA ESTENSIONE ECCELLENZA. PRATICHE DI DEVOZIONE. LA SANTA SCHIAVITÙ. PREGHIERE DI CONSACRAZIONE.  aSocietà San Paolo EM - Piazza San Paolo, 14 - 12051 ALBA (CN) (non commercial uses only) ® Copyright 2017 aNECESSITÀ DELLA SANTIFICAZIONE. PREROGATIVE E UFFICIO DI MARIA. VERA E PERFETTA DEVOZIONE. NATURA ESTENSIONE ECCELLENZA. PRATICHE DI DEVOZIONE. LA SANTA SCHIAVITÙ. PREGHIERE DI CONSACRAZIONE.  aMARIA SS. ANGELI SANTI DEMONI